000
00292nam a2200109Ia 4500
008
190216s9999||||xx |||||||||||||| ||und||
100
_a
Nihal Chand
245
0
_a
Competition Success Review Examination Techniques
260
_b
Competition Success Review
650
_a
References
942
_c
REF
999
_c
35657
_d
35657